000 01178nam a2200361 a 4500
001 1065
005 20230815155833.0
008 950207s1995 nyu j 000 1 eng d
020 _a0590485857
040 _aNjPRFB
_cNjPRFB
_dIU
_dDLC
_beng
050 0 0 _aPZ7.B46626
_bPo 1995
082 0 0 _a[Fic]
_220
100 1 _aBetancourt, Jeanne
245 1 2 _aA pony in trouble /
_cJeanne Betancourt ; illustrated by Paul Bachem.
260 _aNew York :
_bScholastic,
_c1995.
300 _a96 pages :
_billustrations ;
_c20 cm
490 1 _aPony Pals ;
_v#Book 3
500 _a"Little apple paperback."
505 _aO
520 _aPam's Pony Pals try to help her find out what is making her pretty pony sick.
521 0 _a620
_bLexile
521 1 _aO
_bRaz-Plus
650 0 _aAmerican fiction
_y20th century.
650 0 _aPonies
_xJuvenile fiction.
650 0 _aFriendship
_xJuvenile fiction.
650 0 _aDyslexia
_xJuvenile fiction.
650 1 _aPonies
_xFiction.
650 1 _aFriendship
_xFiction.
650 1 _aDyslexia
_xFiction.
700 1 _aBachem, Paul
_eillustrator.
906 _a7
_bcbc
_ccopycat
_d3
_encip
_f19
_gy-gencatlg
942 _2ddc
_cBK
_n0
999 _c1065
_d1065